<?xml version="1.0" encoding="UTF-8"?>
<record
    xmlns:xsi="http://www.w3.org/2001/XMLSchema-instance"
    xsi:schemaLocation="http://www.loc.gov/MARC21/slim http://www.loc.gov/standards/marcxml/schema/MARC21slim.xsd"
    xmlns="http://www.loc.gov/MARC21/slim">

  <leader>01797nam a22002777a 4500</leader>
  <controlfield tag="003">AR-RoUNCS</controlfield>
  <controlfield tag="005">20260224151444.0</controlfield>
  <controlfield tag="008">200221s2013    sp     gr     000 f spa  </controlfield>
  <datafield tag="020" ind1=" " ind2=" ">
    <subfield code="a">978-84-9838-135-1</subfield>
  </datafield>
  <datafield tag="040" ind1=" " ind2=" ">
    <subfield code="a">AR-BaBN</subfield>
    <subfield code="b">spa</subfield>
    <subfield code="c">AR-BaBN</subfield>
    <subfield code="e">aacr</subfield>
  </datafield>
  <datafield tag="041" ind1="1" ind2=" ">
    <subfield code="a">spa</subfield>
    <subfield code="h">eng</subfield>
  </datafield>
  <datafield tag="080" ind1="1" ind2=" ">
    <subfield code="a">82-31(581)</subfield>
    <subfield code="2">2016</subfield>
  </datafield>
  <datafield tag="100" ind1="1" ind2=" ">
    <subfield code="a">Hosseini, Khaled,</subfield>
    <subfield code="d">1965-</subfield>
    <subfield code="e">autor</subfield>
    <subfield code="4">aut</subfield>
  </datafield>
  <datafield tag="245" ind1="1" ind2="0">
    <subfield code="a">Mil soles espl&#xE9;ndidos /</subfield>
    <subfield code="c">Khaled Hosseini.</subfield>
  </datafield>
  <datafield tag="246" ind1="0" ind2="3">
    <subfield code="a">1000 soles espl&#xE9;ndidos</subfield>
  </datafield>
  <datafield tag="250" ind1=" " ind2=" ">
    <subfield code="a">17a ed.</subfield>
  </datafield>
  <datafield tag="260" ind1=" " ind2=" ">
    <subfield code="a">Barcelona :</subfield>
    <subfield code="b">Salamandra,</subfield>
    <subfield code="c">2013.</subfield>
  </datafield>
  <datafield tag="300" ind1=" " ind2=" ">
    <subfield code="a">382 p. ;</subfield>
    <subfield code="c">23 cm.</subfield>
  </datafield>
  <datafield tag="490" ind1="0" ind2=" ">
    <subfield code="a">Novela</subfield>
  </datafield>
  <datafield tag="500" ind1=" " ind2=" ">
    <subfield code="a">Traducido por Gema Moral Bartolom&#xE9;.</subfield>
  </datafield>
  <datafield tag="520" ind1="3" ind2=" ">
    <subfield code="a">Hija ileg&#xED;tima de un rico hombre de negocios, Mariam se cr&#xED;a con su madre en una modesta vivienda a las afueras de Herat. A los quince a&#xF1;os, su vida cambia dr&#xE1;sticamente cuando su padre la env&#xED;a a Kabul a casarse con Rashid, un hosco zapatero treinta a&#xF1;os mayor que ella. Casi dos d&#xE9;cadas m&#xE1;s tarde, Rashid encuentra en las calles de Kabul a Laila, una joven de quince a&#xF1;os sin hogar. Cuando el zapatero le ofrece cobijo en su casa, que deber&#xE1; compartir con Mariam, entre las dos mujeres se inicia una relaci&#xF3;n que acabar&#xE1; siendo tan profunda como la de dos hermanas, tan fuerte como la de madre e hija. Pese a la diferencia de edad y las distintas experiencias que la vida les ha deparado, la necesidad de afrontar las terribles circunstancias que las rodean, har&#xE1; que Mariam y Laila vayan forjando un v&#xED;nculo indestructible que les otorgar&#xE1; la fuerza necesaria para superar el miedo y dar cabida a la esperanza (Notas del editor)</subfield>
  </datafield>
  <datafield tag="561" ind1="1" ind2=" ">
    <subfield code="3">Inventario 01253280:</subfield>
    <subfield code="5">AR-BaBN</subfield>
  </datafield>
  <datafield tag="655" ind1=" " ind2="7">
    <subfield code="a">Novelas</subfield>
    <subfield code="2">embne</subfield>
  </datafield>
  <datafield tag="700" ind1="1" ind2=" ">
    <subfield code="a">Moral Bartolom&#xE9;, Gemma</subfield>
    <subfield code="e">traductora</subfield>
    <subfield code="4">trl</subfield>
  </datafield>
  <datafield tag="942" ind1=" " ind2=" ">
    <subfield code="2">udc</subfield>
    <subfield code="c">OG</subfield>
    <subfield code="n">0</subfield>
  </datafield>
  <datafield tag="999" ind1=" " ind2=" ">
    <subfield code="c">913</subfield>
    <subfield code="d">913</subfield>
  </datafield>
  <datafield tag="952" ind1=" " ind2=" ">
    <subfield code="0">0</subfield>
    <subfield code="1">0</subfield>
    <subfield code="2">udc</subfield>
    <subfield code="4">0</subfield>
    <subfield code="7">0</subfield>
    <subfield code="8">CG</subfield>
    <subfield code="a">ESOCIALES</subfield>
    <subfield code="b">ESOCIALES</subfield>
    <subfield code="d">2026-02-24</subfield>
    <subfield code="e">Donaci&#xF3;n 2024</subfield>
    <subfield code="l">0</subfield>
    <subfield code="o">82-31(581) H829</subfield>
    <subfield code="p">001084</subfield>
    <subfield code="r">2026-02-24 15:15:33</subfield>
    <subfield code="w">2026-02-24</subfield>
    <subfield code="y">OG</subfield>
  </datafield>
</record>
